000 00842cam a22002531 4500
001 sa 65003178
003 DLC
005 20260227112121.0
008 861215s1964 ii 000 0 eng
010 _asa 65003178
025 _aPL480:I-E-3874
035 _a(OCoLC)14970977
040 _aDLC
_cWaU
_dDLC
042 _apremarc
050 0 0 _aHD7051
_b.G8
110 1 _aGujarat (India).
_bExpert Committee on Readjustment in Existing Series of Consumer Price Index Number for Working Class for Ahmedabad and Linking It With the New Series.
245 0 0 _aReport.
260 _aAhmedabad,
_c1964.
300 _a32 p.
_c29 cm.
500 _aCover title.
500 _aAt head of title: Govt. of Gujarat, Education and Labour Dept.
650 0 _aCost and standard of living
_zIndia
_zAhmadābād.
650 0 _aPrices
_zIndia
_zAhmadābād.
999 _c63021
_d63021